MARC

LEADER 00000nas a2200000 a 4500
001 ssj0006314
003 WaSeSS
005 20200512172242.0
006 m d
007 cr n
008 080211c19349999nyufr p s bo 0 b0spa c
010 |a  2009247577  |z  2008216363 
022 |a 1944-6446  |y 0034-9593 
035 |a (WaSeSS)ssj0006314 
040 |a HUA  |b eng  |c HUA  |d BUF  |d LGG  |d OCLCE  |d EYM  |d HUL  |d MYG  |d OCLCQ  |d OCLCO  |d GPM  |d OCLCF  |d DLC  |d COO  |d UMC  |d CO3  |d OCLCQ  |d OCLCO  |d OCLCQ  |d GILDS  |d OCLCO  |d OCL  |d WaSeSS 
041 1 |a spa  |h eng 
042 |a pcc  |a nsdp  |a dlr 
050 1 4 |a PQ6001  |b .R47 
082 0 4 |a 860.5 
222 0 |a Revista hispanica moderna  |b (Online) 
245 0 0 |a Revista hispánica moderna  |h [electronic resource]. 
260 |a New York City :  |b Casa de las Españas, Columbia University,  |c 1934- 
310 |a Semiannual,  |b 1988- 
321 |a Quarterly,  |b 1934-1987 
362 1 |a Began with Año 1, no. 1 (oct. 1934). 
500 |a Includes sección escolar (v. 2-3 having separate pagination). 
500 |a Includes songs with piano accompaniment. 
500 |a Imprint varies: published by Casa de las Españas, Columbia University, 1934-1938; by Hispanic Institute, Dept. of Hispanic Languages, Columbia University and Instituto de Filología, Facultad de Filosofía y Letras, Universidad de Buenos Aires, 1939-1945 ; Hispanic Institute, Columbia University, 1946- 
504 |a Includes section: Bibliografía hispano-americana. 
506 |a License restrictions may limit access. 
515 |a None published 1980-1987. 
538 |a Master and use copy. Digital master created according to Benchmark for Faithful Digital Reproductions of Monographs and Serials, Version 1. Digital Library Federation, December 2002.  |u http://purl.oclc.org/DLF/benchrepro0212  |5 MiAaHDL 
546 |a In Spanish; some articles in English. 
550 |a Organ of: Instituto de las Españas en los Estados Unidos, 1934- 
583 1 |a digitized  |c 2010  |h HathiTrust Digital Library  |l committed to preserve  |2 pda  |5 MiAaHDL 
588 |a Description based on: Año 1, no. 1 (oct. 1934); title from cover (JSTOR, viewed June 24, 2010). 
588 |a Latest issue consulted: Vol. 62, no. 1 (June 2009) (Project MUSE, viewed June 24, 2010). 
650 0 |a Spanish literature  |x History and criticism  |v Periodicals. 
650 0 |a Spanish American literature  |x History and criticism  |v Periodicals. 
650 0 |a Spanish American literature  |v Bibliography  |v Periodicals. 
650 6 |a Littérature espagnole  |x Histoire et critique  |v Périodiques. 
650 6 |a Littérature hispano-américaine  |x Histoire et critique  |v Périodiques. 
650 7 |a Spanish American literature.  |2 fast  |0 (OCoLC)fst01128195 
650 7 |a Spanish literature.  |2 fast  |0 (OCoLC)fst01128568 
650 1 7 |a Letterkunde.  |2 gtt 
650 1 7 |a Spaans.  |2 gtt 
650 1 7 |a Portugees.  |2 gtt 
655 0 |a Electronic journals. 
710 2 |a Hispanic Institute in the United States. 
710 2 |a Universidad de Buenos Aires.  |b Instituto de Filología. 
710 2 |a Columbia University.  |b Hispanic Institute. 
776 0 8 |i Print version:  |t Revista hispánica moderna  |x 0034-9593  |w (DLC) 37037167  |w (OCoLC)1605271 
780 0 1 |t Boletín del Instituto de las Españas 
856 4 0 |z Full text available from PRISMA Database with HAPI Index: 06/01/2002 to 12/31/2015  |u https://search.proquest.com/publication/15431